Microalgal biotechnology : (Record no. 51373)

MARC details
000 -LEADER
fixed length control field 00740nam a2200229Ia 4500
005 - DATE AND TIME OF LATEST TRANSACTION
control field 20260429111915.0
008 - FIXED-LENGTH DATA ELEMENTS--GENERAL INFORMATION
fixed length control field 260429s9999||||xx |||||||||||||| ||und||
020 ## - INTERNATIONAL STANDARD BOOK NUMBER
International Standard Book Number 9781041203421
041 ## - LANGUAGE CODE
Language English
082 ## - DEWEY DECIMAL CLASSIFICATION NUMBER
Classification number 660.6
Item number SAN
100 ## - MAIN ENTRY--PERSONAL NAME
Personal name Sangeetha, Jeyabalan
245 #0 - TITLE STATEMENT
Title Microalgal biotechnology :
Remainder of title bioprospecting microalgae for functional metabolites towards commercial and sustainable applications /
Statement of responsibility, etc Jeyabalan Sangeetha
250 ## - EDITION STATEMENT
Edition statement 1st ed.
260 ## - PUBLICATION, DISTRIBUTION, ETC. (IMPRINT)
Place of publication, distribution, etc United States :
Name of publisher, distributor, etc Apple Academic Press,
Date of publication, distribution, etc 2023.
300 ## - PHYSICAL DESCRIPTION
Extent x, 322 p.; hb
440 ## - SERIES STATEMENT/ADDED ENTRY--TITLE
Title Innovations in biotechnology
650 ## - SUBJECT ADDED ENTRY--TOPICAL TERM
Topical term or geographic name as entry element Microalgae
650 ## - SUBJECT ADDED ENTRY--TOPICAL TERM
Topical term or geographic name as entry element Biotechnology
700 ## - ADDED ENTRY--PERSONAL NAME
Personal name Codreanu, Svetlana
700 ## - ADDED ENTRY--PERSONAL NAME
Personal name Thangadurai, Devarajan
942 ## - ADDED ENTRY ELEMENTS (KOHA)
Koha item type Text Books
Holdings
Withdrawn status Lost status Damaged status Not for loan Collection code Home library Location Shelving location Date of Cataloging Source of acquisition Total Checkouts Full call number Barcode Date last seen Price effective from Koha item type
        Non-fiction CUTN Central Library CUTN Central Library Medicine, Technology & Management 29/04/2026 Shanti Books, Chennai - Invoice No. 3100 on 09-02-2026   660.6 SAN 56329 29/04/2026 29/04/2026 Text Books